<?xml version="1.0" encoding="UTF-8"?>
<record
    xmlns:xsi="http://www.w3.org/2001/XMLSchema-instance"
    xsi:schemaLocation="http://www.loc.gov/MARC21/slim http://www.loc.gov/standards/marcxml/schema/MARC21slim.xsd"
    xmlns="http://www.loc.gov/MARC21/slim">

  <leader>00450nam a22001457a 4500</leader>
  <controlfield tag="005">20211201143722.0</controlfield>
  <controlfield tag="008">211201b           ||||| |||| 00| 0 eng d</controlfield>
  <datafield tag="040" ind1=" " ind2=" ">
    <subfield code="c">AIMIT LIBRARY</subfield>
  </datafield>
  <datafield tag="082" ind1=" " ind2=" ">
    <subfield code="a">004.604 GONM</subfield>
  </datafield>
  <datafield tag="100" ind1=" " ind2=" ">
    <subfield code="a">Gondek, Mike.</subfield>
    <subfield code="e">Author</subfield>
    <subfield code="q">Mike Gondek</subfield>
    <subfield code="9">11125</subfield>
  </datafield>
  <datafield tag="245" ind1=" " ind2=" ">
    <subfield code="a">Photoshop for digital video</subfield>
    <subfield code="b">Project Files.</subfield>
    <subfield code="h">English.</subfield>
  </datafield>
  <datafield tag="260" ind1=" " ind2=" ">
    <subfield code="b">Elsevier,Focal Press.</subfield>
  </datafield>
  <datafield tag="650" ind1=" " ind2=" ">
    <subfield code="a">Web Design &amp; Development</subfield>
    <subfield code="9">11126</subfield>
  </datafield>
  <datafield tag="942" ind1=" " ind2=" ">
    <subfield code="2">ddc</subfield>
    <subfield code="c">CD</subfield>
    <subfield code="k">004.604 GONM</subfield>
  </datafield>
  <datafield tag="999" ind1=" " ind2=" ">
    <subfield code="c">220857</subfield>
    <subfield code="d">220857</subfield>
  </datafield>
  <datafield tag="952" ind1=" " ind2=" ">
    <subfield code="0">0</subfield>
    <subfield code="1">0</subfield>
    <subfield code="2">ddc</subfield>
    <subfield code="4">0</subfield>
    <subfield code="7">1</subfield>
    <subfield code="8">MCA</subfield>
    <subfield code="a">AIMIT</subfield>
    <subfield code="b">AIMIT</subfield>
    <subfield code="d">2021-12-01</subfield>
    <subfield code="l">0</subfield>
    <subfield code="o">004.604 GONM</subfield>
    <subfield code="p">MCD08957</subfield>
    <subfield code="r">2021-12-01 00:00:00</subfield>
    <subfield code="w">2021-12-01</subfield>
    <subfield code="y">CD</subfield>
  </datafield>
</record>
